| 000 | 00719nam a22002177a 4500 | ||
|---|---|---|---|
| 003 | OSt | ||
| 005 | 20240604070700.0 | ||
| 006 | a | ||
| 008 | 240604b |||||||| |||| 00| 0 eng d | ||
| 040 |
_aDWCL-Main lib. _cOC |
||
| 082 |
_2Revised edition _a9712339386 |
||
| 100 | _aSulit-Braganza, Maria Chona | ||
| 245 | _aEarth science : a textbook on earth science for the tertiary level / | ||
| 250 | _aRevised edition | ||
| 260 |
_aManila, Philippines : _bRex Book Store, _cc2005. |
||
| 300 |
_axiv, _b244 pages ; _c25 cm. |
||
| 504 | _aIncludes appendix, bibliographical references and index. | ||
| 650 | _a1. Earth science. | ||
| 700 | _a Maria Chona Sulit-Braganza | ||
| 942 |
_2ddc _n0 _cBK - FIL _eRevised edition _kFil. |
||
| 999 |
_c131 _d131 |
||